000 00282nam a2200109Ia 4500
008 190907s9999||||xx |||||||||||||| ||und||
100 _aDavid Firth
245 0 _aSmart Things To Know About People Management
260 _aNew Jersey
_bPrentice Hall
_c2001
300 _a228
942 _cBK
999 _c6585
_d6585